000 00432nam a2200157Ia 4500
008 160316s1996 xxu||||| |||| 00| 0 eng d
082 _a346.066460
_bYEA
100 _a
245 _aYear book of sebi and corporate laws
250 _a
260 _aNew Delhi
_bTaxmann Allied Services (P) Ltd.
_c1996
300 _a1353
_b
_c
365 _b550/-
650 _a1.Corporate Laws - Finance - Market - Corporate Finance
700 _a
_a
999 _c9152
_d9152